000 00623nam a22002417a 4500
003 UA-OsUOA
001 89757
007 ta
008 20121109b un ||||| |||| 00| 0 ukr d
100 _aМисник П.
090 _a82.09
_bМ95
942 _cBK
040 _aUA-OsUOA
_bukr
_cUA-OsUOA
_dUA-OsUOA
245 _aІван Ле
300 _a149 с.
955 _a1
041 _aukr
080 _a82.09
260 _aК.
_bДніпро
_c1975
250 _nСерія "Літературний портрет"
650 7 _a82 Література. Літературознавство
_2UDC
999 _c376045
_d376045